Catalog

Record Details

Catalog Search



Otto Katz  Cover Image Book Book

Otto Katz / Michael Nosek

Nosek, Michael (Author).

Record details

  • ISBN: 978-80-86621-37-1
  • Physical Description: 111 stran : ilustrace (některé barevné), portréty, faksimile ; 30 cm
  • Edition: Vydání 1.
  • Publisher: Praha : Policie ČR, Úřad dokumentace a vyšetřování zločinů komunismu SKPV, 2021

Content descriptions

General Note:
500 výtisků
Bibliography, etc. Note:
Obsahuje bibliografii
Subject: Simone, André, 1895-1952
novináři > Česko > 20. století
komunisté > Československo
oběti komunismu > Československo
politické soudní procesy > Československo > 1948-1956
antisemitismus > Československo
journalists > Czechia > 20th century
communists > Czechoslovakia
victims of communism > Czechoslovakia
political trials > Czechoslovakia > 1948-1956
antisemitism > Czechoslovakia
Genre: dokumenty
sborníky
documents
miscellanea

Available copies

  • 1 of 1 copy available at Common Catalog SPOK.

Holds

  • 0 current holds with 1 total copy.
Show Only Available Copies
Location Call Number / Copy Notes Barcode Shelving Location Status Due Date
The Jewish community of Prague N 875 4638303908 N - Jiná odborná Available -

LDR 02514nam a2200685 i 4500
00155631
003CZ-PrJAB
00520220211182610.0
007ta
008210701s2021 xr ach e 000 0dcze
015 . ‡acnb003330105
020 . ‡a978-80-86621-37-1 ‡q(brožováno) : ‡cneprodejné
035 . ‡a(CZ PrNK)nkc20213330105
035 . ‡a(OCoLC)1274108540
040 . ‡aBOA001 ‡bcze ‡erda
043 . ‡ae-xr--- ‡ae-cs---
045 . ‡ax-x-
072 7. ‡a323 ‡xVnitropolitický vývoj, politický život ‡2Konspekt ‡915
080 . ‡a070.42 ‡2MRF
080 . ‡a329.15-051 ‡2MRF
080 . ‡a[323.28:329.15]-058.6 ‡2MRF
080 . ‡a343.1:32 ‡2MRF
080 . ‡a323.12(=411.16) ‡2MRF
080 . ‡a929 ‡2MRF
080 . ‡a(437.3) ‡2MRF
080 . ‡a(437) ‡2MRF
080 . ‡a(093) ‡2MRF
080 . ‡a(062.552) ‡2MRF
1001 . ‡aNosek, Michael ‡7mzk20211124524 ‡4aut
24510. ‡aOtto Katz / ‡cMichael Nosek
250 . ‡aVydání 1.
264 1. ‡aPraha : ‡bPolicie ČR, Úřad dokumentace a vyšetřování zločinů komunismu SKPV, ‡c2021
300 . ‡a111 stran : ‡bilustrace (některé barevné), portréty, faksimile ; ‡c30 cm
336 . ‡atext ‡btxt ‡2rdacontent
337 . ‡abez média ‡bn ‡2rdamedia
338 . ‡asvazek ‡bnc ‡2rdacarrier
4901 . ‡aSemper paratus ; ‡v4
500 . ‡a500 výtisků
504 . ‡aObsahuje bibliografii
60017. ‡aSimone, André, ‡d1895-1952 ‡7jk01111330 ‡2czenas
648 7. ‡a20. století ‡7ch460558 ‡2czenas
648 7. ‡a1948-1956 ‡7ch460660 ‡2czenas
65007. ‡anovináři ‡7ph123339 ‡zČesko ‡y20. století ‡2czenas
65007. ‡akomunisté ‡7ph121772 ‡zČeskoslovensko ‡2czenas
65007. ‡aoběti komunismu ‡7ph123640 ‡zČeskoslovensko ‡2czenas
65007. ‡apolitické soudní procesy ‡7ph124252 ‡zČeskoslovensko ‡y1948-1956 ‡2czenas
65007. ‡aantisemitismus ‡7ph118516 ‡zČeskoslovensko ‡2czenas
65009. ‡ajournalists ‡zCzechia ‡y20th century ‡2eczenas
65009. ‡acommunists ‡zCzechoslovakia ‡2eczenas
65009. ‡avictims of communism ‡zCzechoslovakia ‡2eczenas
65009. ‡apolitical trials ‡zCzechoslovakia ‡y1948-1956 ‡2eczenas
65009. ‡aantisemitism ‡zCzechoslovakia ‡2eczenas
655 7. ‡adokumenty ‡7fd132064 ‡2czenas
655 7. ‡asborníky ‡7fd724344 ‡2czenas
655 9. ‡adocuments ‡2eczenas
655 9. ‡amiscellanea ‡2eczenas
830 0. ‡aSemper paratus
910 . ‡aABE461
995 . ‡aska
901 . ‡a55631 ‡bAUTOGEN ‡c55631 ‡tbiblio

Additional Resources